[Event "Sport Summer 2016"]
[Site "Paracin"]
[Date "2016.07.12"]
[Round "6.17"]
[White "Injac, Teodora"]
[Black "Ratkovic, Milovan"]
[Result "0-1"]
[BlackElo "2382"]
[WhiteElo "2215"]
[LiveChessVersion "1.4.8"]

1. Nf3 {[%clk 1:30:56]} d5 {[%clk 1:29:27]} 2. c4 {[%clk 1:31:16]} d4
{[%clk 1:29:44]} 3. b4 {[%clk 1:27:50]} Bg4 {[%clk 1:10:36]} 4. g3
{[%clk 1:06:36]} Bxf3 {[%clk 1:09:15]} 5. exf3 {[%clk 1:07:00]} e5
{[%clk 1:09:17]} 6. Bg2 {[%clk 1:04:01]} Nd7 {[%clk 1:07:29]} 7. a3
{[%clk 0:57:51]} Ne7 {[%clk 1:05:28]} 8. d3 {[%clk 0:49:15]} Ng6 {[%clk 1:05:23]}
9. O-O {[%clk 0:44:48]} Be7 {[%clk 1:04:05]} 10. f4 {[%clk 0:42:09]} exf4
{[%clk 1:04:07]} 11. Bxb7 {[%clk 0:42:30]} Rb8 {[%clk 1:03:48]} 12. Bg2
{[%clk 0:38:18]} O-O {[%clk 1:02:41]} 13. Nd2 {[%clk 0:36:50]} Nde5
{[%clk 0:58:47]} 14. Nf3 {[%clk 0:35:00]} fxg3 {[%clk 0:58:07]} 15. hxg3
{[%clk 0:33:27]} Ng4 {[%clk 0:57:10]} 16. Bb2 {[%clk 0:26:22]} Bf6
{[%clk 0:56:58]} 17. Qa4 {[%clk 0:25:39]} h5 {[%clk 0:54:24]} 18. Qxa7
{[%clk 0:24:35]} Rb6 {[%clk 0:44:05]} 19. Rfe1 {[%clk 0:20:32]} N6e5
{[%clk 0:40:03]} 20. Nxe5 {[%clk 0:18:45]} Bxe5 {[%clk 0:38:34]} 21. Qa5
{[%clk 0:13:54]} Qf6 {[%clk 0:37:41]} 22. Re2 {[%clk 0:09:58]} Re6
{[%clk 0:33:43]} 23. Rf1 {[%clk 0:06:01]} h4 {[%clk 0:29:09]} 24. f4
{[%clk 0:02:25]} Bd6 {[%clk 0:15:33]} 25. Rxe6 {[%clk 0:02:51]} Qxe6
{[%clk 0:14:26]} 26. Bxd4 {[%clk 0:01:51]} c5 {[%clk 0:03:18]} 27. bxc5
{[%clk 0:01:17]} Qe2 {[%clk 0:03:02]} 28. cxd6 {[%clk 0:01:00]} h3
{[%clk 0:02:49]} 29. Qd5 {[%clk 0:01:27]} hxg2 {[%clk 0:02:48]} 30. Qxg2
{[%clk 0:01:35]} Qxd3 {[%clk 0:03:13]} 31. Bc5 {[%clk 0:01:05]} Qxc4
{[%clk 0:03:18]} 32. Bf2 {[%clk 0:00:49]} Qd3 {[%clk 0:03:42]} 33. Bc5
{[%clk 0:01:01]} Rc8 {[%clk 0:03:37]} 34. Bb6 {[%clk 0:00:36]} Qxd6
{[%clk 0:03:50]} 35. Bf2 {[%clk 0:00:42]} Qxa3 {[%clk 0:03:25]} 36. Qb7
{[%clk 0:00:40]} Rc3 {[%clk 0:02:16]} 37. Qb8+ {[%clk 0:00:41]} Kh7
{[%clk 0:02:40]} 38. Qb1+ {[%clk 0:01:07]} g6 {[%clk 0:03:00]} 39. Qe1
{[%clk 0:00:41]} Nxf2 {[%clk 0:02:02]} 40. Qxf2 {[%clk 0:00:35]} Rxg3+
{[%clk 0:02:07]} 41. Kh1 {[%clk 0:00:33]} Qd3 {[%clk 0:01:05]} 42. Kh2
{[%clk 0:00:33]} Rh3+ {[%clk 0:01:27]} 43. Kg1 {[%clk 0:00:39]} Qf5
{[%clk 0:01:07]} 44. Qg2 {[%clk 0:00:48]} Rh4 {[%clk 0:01:08]} 45. Rf3
{[%clk 0:00:56]} Rg4 {[%clk 0:01:10]} 46. Rg3 {[%clk 0:01:24]} Rxf4
{[%clk 0:00:53]} 47. Rh3+ {[%clk 0:00:45]} Kg7 {[%clk 0:01:17]} 48. Qb2+
{[%clk 0:00:37]} Qf6 {[%clk 0:01:28]} 0-1

[Event "Sport Summer 2016"]
[Site "Paracin"]
[Date "2016.07.12"]
[Round "6.18"]
[White "Brankovic, Dejan"]
[Black "Krstulovic, Alex"]
[Result "1-0"]
[BlackElo "2280"]
[WhiteElo "2353"]
[LiveChessVersion "1.4.8"]

1. e4 {[%clk 1:30:57]} c5 {[%clk 1:30:43]} 2. Nf3 {[%clk 1:31:20]} d6
{[%clk 1:30:52]} 3. d4 {[%clk 1:30:38]} cxd4 {[%clk 1:31:03]} 4. Nxd4
{[%clk 1:31:04]} Nf6 {[%clk 1:31:15]} 5. Nc3 {[%clk 1:31:26]} a6 {[%clk 1:31:35]}
6. Bg5 {[%clk 1:31:17]} e6 {[%clk 1:31:44]} 7. f4 {[%clk 1:31:33]} h6
{[%clk 1:30:48]} 8. Bh4 {[%clk 1:30:47]} Qb6 {[%clk 1:30:55]} 9. Qd2
{[%clk 1:30:53]} Qxb2 {[%clk 1:31:03]} 10. Rb1 {[%clk 1:31:19]} Qa3
{[%clk 1:31:18]} 11. e5 {[%clk 1:30:49]} dxe5 {[%clk 1:31:42]} 12. fxe5
{[%clk 1:31:15]} Nd5 {[%clk 1:31:59]} 13. Nxd5 {[%clk 1:30:54]} exd5
{[%clk 1:32:15]} 14. e6 {[%clk 1:30:38]} Bxe6 {[%clk 1:31:52]} 15. Nxe6
{[%clk 1:26:04]} fxe6 {[%clk 1:32:14]} 16. Be2 {[%clk 1:24:14]} Be7
{[%clk 1:32:08]} 17. Bh5+ {[%clk 1:17:41]} Kd8 {[%clk 1:31:45]} 18. Bxe7+
{[%clk 1:17:44]} Qxe7 {[%clk 1:16:02]} 19. O-O {[%clk 1:14:37]} Nd7
{[%clk 1:05:21]} 20. Rf7 {[%clk 1:05:07]} Qc5+ {[%clk 1:02:27]} 21. Kh1
{[%clk 1:05:28]} Rf8 {[%clk 1:02:32]} 22. Rxg7 {[%clk 1:02:53]} Rc8
{[%clk 1:00:44]} 23. h3 {[%clk 0:47:02]} Qxc2 {[%clk 0:47:32]} 24. Rxb7
{[%clk 0:39:58]} Qc6 {[%clk 0:31:11]} 25. Rgxd7+ {[%clk 0:16:14]} Qxd7
{[%clk 0:31:30]} 26. Rxd7+ {[%clk 0:16:38]} Kxd7 {[%clk 0:31:57]} 27. Qxh6
{[%clk 0:17:04]} Kd6 {[%clk 0:30:09]} 28. Bf3 {[%clk 0:16:55]} d4
{[%clk 0:28:08]} 29. h4 {[%clk 0:16:15]} Rfe8 {[%clk 0:26:36]} 30. h5
{[%clk 0:16:09]} Rcd8 {[%clk 0:23:33]} 31. Qf6 {[%clk 0:15:06]} Kc5
{[%clk 0:21:18]} 32. Be4 {[%clk 0:12:47]} Kb4 {[%clk 0:14:41]} 33. Bg6
{[%clk 0:09:42]} Rh8 {[%clk 0:14:16]} 34. Qxe6 {[%clk 0:09:47]} Kc3
{[%clk 0:14:46]} 35. Qb3+ {[%clk 0:10:02]} 1-0

[Event "Sport Summer 2016"]
[Site "Paracin"]
[Date "2016.07.12"]
[Round "6.19"]
[White "Nestorovic, Lazar"]
[Black "Trifunovic, Miroljub"]
[Result "1-0"]
[BlackElo "2209"]
[WhiteElo "2340"]
[LiveChessVersion "1.4.8"]

1. e4 e5 2. Nf3 Nc6 3. Bb5 a6 4. Ba4 Nf6 5. d3 b5 6. Bb3 Bc5 7. O-O d6 8. c3 O-O
9. Bg5 h6 10. Bh4 Be6 11. Bc2 g5 12. Bg3 Bg4 13. Nbd2 Nh5 14. Re1 Qf6 15. Kh1 Nf4
16. Nf1 Ne7 17. Ne3 Bh5 18. d4 Bb6 19. a4 c6 20. h3 Nxh3 21. dxe5 dxe5 22. Qd7
Nf4 23. Ng4 Bxg4 24. Qxg4 Neg6 25. Qf5 Kg7 26. Red1 Rfd8 27. axb5 cxb5 28. Rxd8
Bxd8 29. Qd7 Bb6 30. Bb3 Ra7 31. Qg4 Nd3 32. Rd1 Nxf2+ 33. Bxf2 Bxf2 34. Qc8 h5
35. Rf1 Bg3 36. Qh3 h4 37. Qg4 Kh6 38. Qc8 Kg7 39. Nh2 Bf4 40. Ng4 Qe7 41. Rd1 a5
42. Rd8 a4 43. Ba2 a3 44. b4 Rc7 45. Rg8+ Kh7 46. Qf5 Kxg8 47. Qxg6+ Kf8 48. Qh6+
Ke8 49. Nf6+ Qxf6 50. Qxf6 Rxc3 1-0

[Event "Sport Summer 2016"]
[Site "Paracin"]
[Date "2016.07.12"]
[Round "6.20"]
[White "Tosic, Srecko"]
[Black "Peycheva, Gergana"]
[Result "1-0"]
[BlackElo "2016"]
[WhiteElo "2340"]
[LiveChessVersion "1.4.8"]

1. d4 {[%clk 1:30:57]} Nf6 {[%clk 1:30:48]} 2. Bg5 {[%clk 1:31:19]} e6
{[%clk 1:30:59]} 3. e4 {[%clk 1:31:10]} h6 {[%clk 1:30:34]} 4. Bxf6
{[%clk 1:31:29]} Qxf6 {[%clk 1:30:50]} 5. Nf3 {[%clk 1:31:39]} c5
{[%clk 1:29:37]} 6. e5 {[%clk 1:31:46]} Qd8 {[%clk 1:29:09]} 7. d5
{[%clk 1:32:09]} exd5 {[%clk 1:23:28]} 8. Qxd5 {[%clk 1:32:18]} Be7
{[%clk 1:18:16]} 9. Nc3 {[%clk 1:30:27]} Nc6 {[%clk 1:10:31]} 10. O-O-O
{[%clk 1:27:59]} b6 {[%clk 1:03:36]} 11. Bc4 {[%clk 1:22:18]} O-O
{[%clk 1:02:05]} 12. h4 {[%clk 1:22:06]} Bb7 {[%clk 0:58:49]} 13. Qxd7
{[%clk 1:16:24]} Qxd7 {[%clk 0:58:49]} 14. Rxd7 {[%clk 1:16:47]} Rab8
{[%clk 0:56:48]} 15. Bd5 {[%clk 1:15:25]} Bd8 {[%clk 0:54:10]} 16. Rxb7
{[%clk 1:15:39]} Rxb7 {[%clk 0:54:34]} 17. Bxc6 {[%clk 1:16:04]} Rc7
{[%clk 0:51:48]} 18. Bb5 {[%clk 1:14:39]} Rc8 {[%clk 0:44:41]} 19. Rd1
{[%clk 1:14:17]} Bc7 {[%clk 0:44:34]} 20. Nd5 {[%clk 1:10:55]} Bd8
{[%clk 0:43:28]} 21. Bd7 {[%clk 1:11:08]} Rb8 {[%clk 0:43:34]} 22. c4
{[%clk 1:11:19]} a6 {[%clk 0:43:08]} 23. a4 {[%clk 1:11:38]} Rb7 {[%clk 0:41:57]}
24. Bc6 {[%clk 1:11:43]} Rb8 {[%clk 0:42:06]} 25. g3 {[%clk 1:11:51]} g5
{[%clk 0:39:24]} 26. h5 {[%clk 1:04:24]} g4 {[%clk 0:39:00]} 27. Nh2
{[%clk 1:03:45]} Bg5+ {[%clk 0:39:10]} 28. Kc2 {[%clk 1:02:03]} 1-0

[Event "International Championship of Central Se"]
[Site "Paracin, hotel "]
[Date "2016.07.12"]
[Round "6.21"]
[White "Kasparova, Tatiana"]
[Black "Blazeka, Matej"]
[Result "0-1"]
[WhiteElo "2141"]
[BlackElo "2328"]
[PlyCount "62"]
[EventDate "2016.07.07"]

1. e4 c6 2. d4 d5 3. Nd2 dxe4 4. Nxe4 Nf6 5. Nxf6+ exf6 6. c3 Bd6 7. Bd3 O-O 8.
Ne2 Re8 9. O-O Nd7 10. Ng3 Nf8 11. Qf3 g6 12. Bd2 f5 13. Bc4 Be6 14. Bb3 a5 15.
Bf4 Bxf4 16. Qxf4 Bxb3 17. axb3 Qb6 18. Ra3 Ne6 19. Qd2 c5 20. d5 Rad8 21. Rd1
Qc7 22. Raa1 Nf4 23. d6 Rxd6 24. Qxd6 Re1+ 25. Rxe1 Qxd6 26. Ne2 Nxe2+ 27. Rxe2
Qd5 28. f3 b5 29. c4 bxc4 30. bxc4 Qd4+ 31. Kh1 Qxc4 0-1

[Event "International Championship of Central Se"]
[Site "Paracin, hotel "]
[Date "2016.07.12"]
[Round "6.22"]
[White "Banovic, Ivan"]
[Black "Pantelic, Sasa"]
[Result "0-1"]
[WhiteElo "2194"]
[BlackElo "2340"]
[PlyCount "80"]
[EventDate "2016.07.07"]

1. d4 Nf6 2. c4 g6 3. Nc3 Bg7 4. e4 d6 5. Be2 O-O 6. Nf3 Bg4 7. Be3 Nfd7 8. Ng1
Bxe2 9. Ngxe2 e5 10. O-O exd4 11. Nxd4 Nc6 12. Nxc6 bxc6 13. Rc1 Re8 14. f3 Ne5
15. b3 c5 16. Qd2 Qd7 17. Nd5 f6 18. Rcd1 Qf7 19. Qa5 Rec8 20. Rfe1 c6 21. Nf4
Qe7 22. Qd2 Rd8 23. Nd3 a5 24. Nb2 Bf8 25. Na4 Qb7 26. Qe2 Re8 27. Bf4 Qf7 28.
Qc2 Re6 29. Bd2 g5 30. Bc3 Ng6 31. Qd2 Qc7 32. g3 Bh6 33. Kg2 Ne5 34. h3 Nxf3
35. Qf2 Nxe1+ 36. Rxe1 Qe7 37. Qf5 Bg7 38. Kf3 Re8 39. Bxa5 Re5 40. Qg4 f5 0-1

[Event "International Championship of Central Se"]
[Site "Paracin, hotel "]
[Date "2016.07.12"]
[Round "6.23"]
[White "Ererdem, Gani Eren"]
[Black "Yurtseven, Melih"]
[Result "1/2-1/2"]
[WhiteElo "2151"]
[BlackElo "2318"]
[PlyCount "60"]
[EventDate "2016.07.07"]

1. e4 c6 2. d4 d5 3. Nd2 dxe4 4. Nxe4 Bf5 5. Ng3 Bg6 6. h4 h6 7. Nf3 Nd7 8. h5
Bh7 9. Bd3 Bxd3 10. Qxd3 Ngf6 11. Bd2 e6 12. O-O-O Qc7 13. Kb1 Bd6 14. Ne4 Nxe4
15. Qxe4 Nf6 16. Qe2 O-O-O 17. g3 Kb8 18. c4 c5 19. Bc3 Rhe8 20. a3 Ka8 21. Ka2
Rc8 22. Rc1 Red8 23. Rh4 a6 24. Ka1 Be7 25. Rf4 Bd6 26. Rh4 Be7 27. Rf4 Bd6 28.
Rh4 Be7 29. Rf4 Bd6 30. Rh4 Be7 1/2-1/2

[Event "International Championship of Central Se"]
[Site "Paracin, hotel "]
[Date "2016.07.12"]
[Round "6.25"]
[White "Bosnjak, Petar"]
[Black "Maksimovic, Bojan"]
[Result "0-1"]
[WhiteElo "2311"]
[BlackElo "2131"]
[PlyCount "86"]
[EventDate "2016.07.07"]

1. e4 c5 2. Nf3 e6 3. d4 cxd4 4. Nxd4 a6 5. Nc3 Qc7 6. Bd3 Nc6 7. Be3 Nf6 8.
O-O Nxd4 9. Bxd4 Bc5 10. Bxc5 Qxc5 11. Na4 Qc6 12. c4 d6 13. Nc3 O-O 14. Qe2 b6
15. f4 Nd7 16. Rf3 Bb7 17. Kh1 Qc5 18. Rg3 Rac8 19. Re1 Rfd8 20. Rg5 Qd4 21.
Rg3 g6 22. Rd1 Qf6 23. Qe3 Rc5 24. Rf1 Re8 25. Kg1 Ba8 26. Rgf3 Rb8 27. a4 Rcc8
28. R3f2 Rf8 29. Rd1 Rbd8 30. Rfd2 Qe7 31. Bc2 Nf6 32. b3 Qc7 33. h3 Rd7 34. f5
Rfd8 35. Qg5 Qc5+ 36. Kh1 Qe5 37. Rd4 Kg7 38. Qd2 Re8 39. Qf2 exf5 40. exf5
Rde7 41. Kg1 Qc5 42. R4d2 Re1+ 43. Rxe1 Rxe1+ 0-1

[Event "International Championship of Central Se"]
[Site "Paracin, hotel "]
[Date "2016.07.12"]
[Round "6.26"]
[White "Chekletsov, Egor"]
[Black "Cvetkovic, Srdjan"]
[Result "0-1"]
[WhiteElo "2009"]
[BlackElo "2306"]
[PlyCount "71"]
[EventDate "2016.07.07"]

1. d4 Nf6 2. c4 e6 3. Nc3 d5 4. cxd5 exd5 5. Bf4 Bd6 6. Bxd6 Qxd6 7. e3 Bf5 8.
Bd3 Bxd3 9. Qxd3 c6 10. Nf3 Nbd7 11. Rb1 a5 12. O-O O-O 13. a3 Rfe8 14. Nd2 Ng4
15. Nf3 a4 16. h3 Ngf6 17. Nd2 b5 18. e4 dxe4 19. Ncxe4 Nxe4 20. Nxe4 Qg6 21.
f3 Nf6 22. Nxf6+ Qxf6 23. Rfe1 g6 24. Rxe8+ Rxe8 25. Rd1 Rd8 26. Qc3 Qd6 27.
Kh1 Qd5 28. Qa5 Kg7 29. Rd3 Rd7 30. Qb6 Re7 31. Qa5 Re2 32. Rd2 Rxd2 33. Qxd2
c5 34. Qd3 cxd4 35. Kg1 Qc4 36. Kf2 0-1

[Event "International Championship of Central Se"]
[Site "Paracin, hotel "]
[Date "2016.07.12"]
[Round "6.27"]
[White "Gajic, Mladen"]
[Black "Milosevic, Milos"]
[Result "1/2-1/2"]
[WhiteElo "2295"]
[BlackElo "2192"]
[PlyCount "148"]
[EventDate "2016.07.07"]

1. e4 c5 2. c3 d5 3. exd5 Qxd5 4. d4 e6 5. Nf3 Nf6 6. Na3 Qd8 7. Bg5 Be7 8.
dxc5 Nbd7 9. b4 Nd5 10. Bd2 a5 11. Qb3 Bf6 12. Rc1 O-O 13. Be2 Ne5 14. Nc4 Ng6
15. Nxa5 Ndf4 16. Bxf4 Nxf4 17. g3 Nd3+ 18. Bxd3 Qxd3 19. c4 Qxb3 20. axb3 Bb2
21. Kd2 Rd8+ 22. Ke3 Ba3 23. Rb1 Rf8 24. c6 b6 25. Nb7 Bxb4 26. Ra1 Rb8 27. Ra4
Be7 28. Ra7 Bxb7 29. Rxb7 Rxb7 30. cxb7 Rb8 31. Ra1 Rxb7 32. Ra8+ Bf8 33. Ng5
h6 34. Nh7 Kxh7 35. Rxf8 Kg6 36. b4 Kf6 37. Re8 Ke5 38. Rd8 Kf6 39. Kd4 Ke7 40.
Rg8 Rd7+ 41. Kc3 g6 42. Rb8 Rd6 43. b5 e5 44. Rb7+ Ke6 45. Kb4 e4 46. Rb8 Kd7
47. Ra8 Rf6 48. Ra7+ Kd8 49. Ra2 Kc7 50. Kc3 Rf3+ 51. Kd4 f5 52. Ke5 g5 53.
Ra7+ Kb8 54. Ra2 Kc7 55. Re2 Kd7 56. h4 Kc7 57. h5 Kd7 58. Kf6 Kd6 59. Kg6 Ke5
60. Kxh6 Kf6 61. c5 bxc5 62. g4 fxg4 63. Rxe4 Rxf2 64. Rxg4 Rb2 65. Rxg5 Rxb5
66. Rg6+ Kf7 67. Rc6 c4 68. Rxc4 Kg8 69. Rc6 Rb8 70. Rg6+ Kh8 71. Rc6 Rg8 72.
Rf6 Rc8 73. Kg6 Kg8 74. h6 Rf8 1/2-1/2

[Event "International Championship of Central Se"]
[Site "Paracin, hotel "]
[Date "2016.07.12"]
[Round "6.28"]
[White "Sensay, Emin"]
[Black "Budimir, Boris"]
[Result "0-1"]
[WhiteElo "1881"]
[BlackElo "2272"]
[PlyCount "130"]
[EventDate "2016.07.07"]

1. e4 c5 2. Nf3 Nc6 3. Bb5 g6 4. O-O Bg7 5. c3 Nf6 6. Re1 O-O 7. d4 cxd4 8.
cxd4 d5 9. e5 Ne4 10. Nc3 Nxc3 11. bxc3 Qa5 12. Qa4 Qxa4 13. Bxa4 Bf5 14. Ba3
Rfe8 15. c4 e6 16. cxd5 exd5 17. Rac1 Bd7 18. Bb3 Be6 19. Ba4 Rec8 20. Bxc6
bxc6 21. Bd6 Bf5 22. Rc3 Bh6 23. Re2 a5 24. Rb2 a4 25. Rb6 Bd7 26. Rc5 Bf8 27.
Bxf8 Kxf8 28. h3 Rcb8 29. Ra5 Rxa5 30. Rxb8+ Ke7 31. Ne1 c5 32. dxc5 Rxc5 33.
Nd3 Rb5 34. Ra8 Rb1+ 35. Kh2 Bb5 36. Nc5 Rb2 37. Ra7+ Kf8 38. e6 Rxf2 39. exf7
Rf6 40. Nd7+ Bxd7 41. Rxd7 Rf2 42. Rxd5 Kxf7 43. a3 Ra2 44. Rd3 Kf6 45. Re3 Kf5
46. Kg3 h5 47. Kf3 Rb2 48. g4+ hxg4+ 49. hxg4+ Kg5 50. Re5+ Kh4 51. Re8 Ra2 52.
Re3 g5 53. Rd3 Rb2 54. Ke4 Rg2 55. Kf5 Rxg4 56. Rc3 Rf4+ 57. Ke5 Kh5 58. Rd3
Rf8 59. Rd1 g4 60. Rd7 g3 61. Ra7 Rg8 62. Rh7+ Kg4 63. Rh1 g2 64. Rg1 Kf3 65.
Kd4 Rc8 0-1

[Event "International Championship of Central Se"]
[Site "Paracin, hotel "]
[Date "2016.07.12"]
[Round "6.29"]
[White "Tomic, Aleksandar"]
[Black "Raykov, Stefan"]
[Result "1-0"]
[WhiteElo "2272"]
[BlackElo "2155"]
[PlyCount "109"]
[EventDate "2016.07.07"]

1. d4 d5 2. Nf3 Nf6 3. Bf4 c5 4. e3 Nc6 5. Nbd2 c4 6. c3 Bf5 7. h3 h6 8. Be2 e6
9. O-O Bd6 10. Bxd6 Qxd6 11. a4 O-O 12. b3 cxb3 13. Qxb3 b6 14. Ba6 Rab8 15.
Rfc1 g5 16. c4 g4 17. hxg4 Nxg4 18. Qc3 Qb4 19. cxd5 Qxc3 20. Rxc3 Nb4 21. Be2
exd5 22. Nh4 Be6 23. a5 Rfc8 24. Rxc8+ Rxc8 25. axb6 axb6 26. Rb1 Na2 27. Bxg4
Bxg4 28. Rxb6 Rc2 29. Ndf3 Kg7 30. Ne5 Be6 31. Nd3 Nc1 32. Nxc1 Rxc1+ 33. Kh2
Rc2 34. Kg3 Re2 35. Nf3 Kf6 36. Ng1 Rc2 37. Nh3 Ke7 38. Nf4 Ra2 39. Rb5 Kd6 40.
Rb8 Ra1 41. Rh8 Rh1 42. Nh3 Bxh3 43. Rxh6+ Ke7 44. Rxh3 Re1 45. Rh5 Kd6 46. Kf4
Re2 47. Kf3 Rd2 48. g4 Ke6 49. Re5+ Kd6 50. g5 Rd1 51. Kg4 Rg1+ 52. Kf5 Rg2 53.
f4 Rh2 54. Kf6 Rh7 55. f5 1-0

[Event "International Championship of Central Se"]
[Site "Paracin, hotel "]
[Date "2016.07.12"]
[Round "6.31"]
[White "Konstantinov, Aleksandar"]
[Black "Popovic, Aleksandar M"]
[Result "1/2-1/2"]
[WhiteElo "2018"]
[BlackElo "2256"]
[PlyCount "85"]
[EventDate "2016.07.07"]

1. d4 Nf6 2. c4 g6 3. Nc3 c5 4. d5 Bg7 5. e4 d6 6. Bd3 O-O 7. Nf3 Bg4 8. h3
Bxf3 9. Qxf3 e6 10. O-O Nbd7 11. Bf4 Qe7 12. Rfe1 Nh5 13. Be3 Bd4 14. Qd1 Qf6
15. Qd2 Ne5 16. Bf1 g5 17. Bxd4 cxd4 18. Nb5 g4 19. hxg4 Nxg4 20. Nxd4 Kh8 21.
g3 Rg8 22. Bg2 Rg6 23. Nf3 Rag8 24. dxe6 fxe6 25. Qxd6 Nxf2 26. Qe5 Rxg3 27.
Qxf6+ Nxf6 28. Kxf2 Rxg2+ 29. Ke3 Ng4+ 30. Kd4 Rd8+ 31. Kc5 Rxb2 32. Ng5 Rc8+
33. Kd4 Rb4 34. Rac1 b5 35. Rg1 Rbxc4+ 36. Rxc4 Rxc4+ 37. Kd3 Ne5+ 38. Ke3 Rc3+
39. Kd4 Nf3+ 40. Kxc3 Nxg1 41. Nxe6 Ne2+ 42. Kd2 Ng3 43. Ke3 1/2-1/2

[Event "International Championship of Central Se"]
[Site "Paracin, hotel "]
[Date "2016.07.12"]
[Round "6.32"]
[White "Topalov, Aleksandar"]
[Black "Topel, Zehra"]
[Result "1/2-1/2"]
[WhiteElo "2250"]
[BlackElo "2107"]
[PlyCount "99"]
[EventDate "2016.07.07"]

1. b3 e5 2. Bb2 Nc6 3. e3 Nf6 4. Bb5 Bd6 5. Na3 Na5 6. Be2 a6 7. c4 Qe7 8. Nc2
c5 9. d3 e4 10. d4 Nc6 11. a3 b6 12. Qd2 Bc7 13. Nh3 Bb7 14. Rd1 Nd8 15. d5 Bd6
16. Nf4 O-O 17. b4 Ne8 18. bxc5 bxc5 19. Na1 f6 20. Nb3 Nf7 21. Na5 Bc8 22. Bc3
Ne5 23. Qc2 f5 24. h4 Rf6 25. g3 Rh6 26. Kd2 Nf6 27. Rb1 Nfg4 28. Bxe5 Nxe5 29.
Qa4 Nf3+ 30. Bxf3 exf3 31. Qd1 Bc7 32. Nb3 Rb8 33. Qxf3 Rhb6 34. Kc2 a5 35. Nd3
Ba6 36. Nd2 Qf6 37. Rxb6 Rxb6 38. g4 fxg4 39. Qxf6 Rxf6 40. Nxc5 Bc8 41. Nce4
Rf5 42. h5 d6 43. Nb3 a4 44. Nd4 Re5 45. Kd3 Ba6 46. Nc3 Ba5 47. Nxa4 Rxd5 48.
h6 g6 49. Rh4 Rh5 50. Rxg4 1/2-1/2

[Event "International Championship of Central Se"]
[Site "Paracin, hotel "]
[Date "2016.07.12"]
[Round "6.33"]
[White "Baglan, Esat"]
[Black "Sahin, Ozgun"]
[Result "1-0"]
[WhiteElo "2246"]
[BlackElo "2042"]
[PlyCount "43"]
[EventDate "2016.07.07"]

1. e4 e5 2. Nf3 Nf6 3. Nxe5 Qe7 4. d4 d6 5. Nf3 Nxe4 6. Be2 d5 7. O-O Be6 8. c4
dxc4 9. Nc3 Nxc3 10. bxc3 Nd7 11. Re1 Nb6 12. Ng5 O-O-O 13. Nxe6 fxe6 14. Bg4
Kb8 15. Rxe6 Qf7 16. Bg5 Rd6 17. Qf3 Qd7 18. Re5 Qa4 19. Rae1 a6 20. Re8+ Ka7
21. Rxf8 Rxf8 22. Qxf8 1-0

[Event "International Championship of Central Se"]
[Site "Paracin, hotel "]
[Date "2016.07.12"]
[Round "6.34"]
[White "Dimitrov, Vladimir"]
[Black "Jovanovic, Aleksandar D"]
[Result "1-0"]
[WhiteElo "2413"]
[BlackElo "2148"]
[PlyCount "43"]
[EventDate "2016.07.07"]

1. d4 f5 2. g3 g6 3. Nf3 Bg7 4. b4 Nc6 5. b5 Na5 6. e3 b6 7. Nbd2 Nb7 8. Bb2
Nd6 9. c4 Bb7 10. Bg2 Nf7 11. O-O d6 12. Re1 e5 13. e4 f4 14. gxf4 exf4 15. e5
d5 16. cxd5 Bxd5 17. Ne4 Qc8 18. Rc1 Qb7 19. Nf6+ Bxf6 20. exf6+ Kd8 21. Ne5 f3
22. Qxf3 1-0

[Event "International Championship of Central Se"]
[Site "Paracin, hotel "]
[Date "2016.07.12"]
[Round "6.35"]
[White "Djokic, Slavoljub"]
[Black "Rajkovic, Mladen"]
[Result "0-1"]
[WhiteElo "2167"]
[BlackElo "2303"]
[PlyCount "96"]
[EventDate "2016.07.07"]

1. c4 e5 2. Nc3 Nc6 3. Nf3 Nf6 4. g3 Bc5 5. e3 d5 6. cxd5 Nxd5 7. Bb5 O-O 8.
O-O Bh3 9. Re1 Bg4 10. Be2 Ndb4 11. Nh4 Bxe2 12. Rxe2 Qd3 13. Nf3 Rad8 14. a3
Nc2 15. Ne1 Nxe1 16. Rxe1 e4 17. Qe2 Ne5 18. Qxd3 Nf3+ 19. Kh1 Rxd3 20. Nxe4
Nxe1 21. Nxc5 Rd5 22. d4 b6 23. Ne4 c5 24. dxc5 bxc5 25. Nc3 Rd7 26. Kg1 Nd3
27. Kf1 Rb8 28. Na4 f5 29. Ke2 c4 30. Rb1 c3 31. b4 c2 32. Ra1 a5 33. Nc3 axb4
34. axb4 Rxb4 35. Kd2 Nxf2+ 36. Kxc2 Rc7 37. Ra3 Rbc4 38. Bd2 Ne4 39. Be1 R4c6
40. Kd3 Rd7+ 41. Ke2 Kf7 42. Kf3 Nd2+ 43. Bxd2 Rxd2 44. h4 Kf6 45. Nb5 Rcc2 46.
e4 Rf2+ 47. Ke3 Rce2+ 48. Kd3 Rxe4 0-1

[Event "International Championship of Central Se"]
[Site "Paracin, hotel "]
[Date "2016.07.12"]
[Round "6.36"]
[White "Pregarac, Valter"]
[Black "Radovic, Janko"]
[Result "1/2-1/2"]
[WhiteElo "2135"]
[BlackElo "2299"]
[PlyCount "45"]
[EventDate "2016.07.07"]

1. d4 Nf6 2. c4 g6 3. Nc3 d5 4. cxd5 Nxd5 5. e4 Nxc3 6. bxc3 Bg7 7. Nf3 O-O 8.
Be3 c5 9. Qd2 Bg4 10. Be2 cxd4 11. cxd4 Nc6 12. Rd1 Rc8 13. O-O Na5 14. Rc1 b6
15. Ba6 Rxc1 16. Rxc1 Bxf3 17. gxf3 Qd7 18. Qb4 Qe6 19. d5 Qh3 20. Be2 Be5 21.
f4 Bd6 22. Qd2 Nb7 23. Qd1 1/2-1/2

[Event "International Championship of Central Se"]
[Site "Paracin, hotel "]
[Date "2016.07.12"]
[Round "6.37"]
[White "Vujacic, Borivoje"]
[Black "Gulden, Egemen"]
[Result "0-1"]
[WhiteElo "2265"]
[BlackElo "2122"]
[PlyCount "74"]
[EventDate "2016.07.07"]

1. e4 g6 2. d4 Bg7 3. Nc3 d6 4. Nf3 a6 5. Be3 b5 6. Qd2 Nd7 7. a4 b4 8. Ne2 a5
9. Ng3 Bb7 10. Bd3 h6 11. c3 c5 12. Bb5 Ba6 13. Bxa6 Rxa6 14. O-O Qc7 15. Rfc1
b3 16. Qe2 Rb6 17. Nd2 e6 18. Ra3 cxd4 19. Nc4 dxe3 20. Nxb6 Qxb6 21. f3 Nc5
22. Qxe3 Ne7 23. Nf1 O-O 24. Nd2 Rb8 25. Rd1 d5 26. Kh1 Nc6 27. exd5 exd5 28.
Nf1 Rd8 29. Raa1 Ne5 30. Qe2 Nc4 31. g3 Qc6 32. Re1 Nxa4 33. Rab1 Naxb2 34.
Rxb2 Nxb2 35. Qxb2 Qxc3 36. Qe2 b2 37. Nd2 Qb4 0-1

[Event "International Championship of Central Se"]
[Site "Paracin, hotel "]
[Date "2016.07.12"]
[Round "6.38"]
[White "Ozturk, Kubra"]
[Black "Bozilov, Dragan"]
[Result "1-0"]
[WhiteElo "2249"]
[BlackElo "2075"]
[PlyCount "55"]
[EventDate "2016.07.07"]

1. d4 Nf6 2. c4 e6 3. g3 b6 4. Bg2 d5 5. Nc3 Bb7 6. cxd5 Nxd5 7. e4 Nxc3 8.
bxc3 Be7 9. Ne2 O-O 10. O-O Nc6 11. Nf4 Na5 12. Qg4 g6 13. h4 e5 14. dxe5 Nc4
15. e6 Ne5 16. Qe2 Qc8 17. exf7+ Nxf7 18. c4 Bf6 19. Bb2 Bxb2 20. Qxb2 Qe8 21.
Rad1 Qe5 22. Qb3 c5 23. Nd5 Bxd5 24. cxd5 Nd6 25. f4 Qg7 26. e5 c4 27. Qc3 Nf5
28. d6 1-0

[Event "International Championship of Central Se"]
[Site "Paracin, hotel "]
[Date "2016.07.12"]
[Round "6.39"]
[White "Djordjevic, Lazar"]
[Black "Arsic, Djordje"]
[Result "0-1"]
[WhiteElo "2022"]
[BlackElo "2232"]
[PlyCount "56"]
[EventDate "2016.07.07"]

1. e4 e5 2. Nf3 Nc6 3. Bb5 a6 4. Ba4 Nf6 5. O-O Be7 6. Re1 b5 7. Bb3 d6 8. c3
O-O 9. h3 Na5 10. a4 Nxb3 11. Qxb3 Be6 12. Qd1 c5 13. d4 Qc7 14. Bg5 h6 15. Bh4
exd4 16. cxd4 d5 17. Nc3 Nxe4 18. Nxe4 dxe4 19. Bxe7 Qxe7 20. Rxe4 Qb7 21. Re5
cxd4 22. axb5 axb5 23. Rxa8 Rxa8 24. Qd3 Ra1+ 25. Ne1 Qd7 26. Kh2 f6 27. Re4
Bf5 28. Qb3+ Kh7 0-1

[Event "International Championship of Central Se"]
[Site "Paracin, hotel "]
[Date "2016.07.12"]
[Round "6.40"]
[White "Cvetkovic, Nemanja"]
[Black "Mitev, Valentin"]
[Result "1/2-1/2"]
[WhiteElo "2227"]
[BlackElo "2073"]
[PlyCount "59"]
[EventDate "2016.07.07"]

1. d4 d5 2. c4 dxc4 3. e3 e5 4. Nf3 exd4 5. Qxd4 Qxd4 6. Nxd4 a6 7. Bxc4 c5 8.
Nf3 Nc6 9. Nc3 Nf6 10. O-O b5 11. Nd5 Nxd5 12. Bxd5 Bb7 13. b3 Be7 14. Bb2 O-O
15. Rfd1 Rad8 16. Rac1 Na5 17. Bxb7 Nxb7 18. Ne5 Bf6 19. f4 Rxd1+ 20. Rxd1 Rd8
21. Rxd8+ Nxd8 22. Kf2 Nc6 23. Nxc6 Bxb2 24. Ke2 Kf8 25. Nb8 Ke7 26. Nxa6 Kd6
27. a4 bxa4 28. bxa4 Kc6 29. Kd3 Kb6 30. Nb8 1/2-1/2